Normal view
MARC view
- Udall, D. H .
Entry Personal Name
001 - CONTROL NUMBER
- control field: 1720
003 - CONTROL NUMBER IDENTIFIER
- control field: OSt
005 - DATE AND TIME OF LATEST TRANSACTION
- control field: 20161006161132.0
008 - FIXED-LENGTH DATA ELEMENTS
- fixed length control field: 161006|| aca||aabn | a|a d
040 ## - CATALOGING SOURCE
- Original cataloging agency: OSt
- Transcribing agency: OSt
100 ## - HEADING--PERSONAL NAME
- Personal name: Udall, D. H .
670 ## - SOURCE DATA FOUND
- Source citation: Work cat.: (OSt)1508: Udall, D. H ., Practice of Veterinary Medicine / , 1964.
